00715nam a22001697a 4500003000500000038001800005082000800023100003000031245018900061264003300250650003700283700004900320856005800369942001200427999001900439952008700458NUST aNusrat Nadeem a200 aKhan, Zahra Ameer9130655 aExploring the Multilevel factors Influencing Women’s choices and utilization of Family Planning Services in Rawalpindi City, Pakistan: A Grounded Theory Approach/cZahra Ameer Khan,  aIslamabad:bS3H NUST.c2025. aMS- Development Studies 9123041 aSupervisor: Dr. Tauqeer Hussain Shah9125297 u http://10.250.8.41:8080/xmlui/handle/123456789/54900 2ddccSC c614833d614833 00104070aCLbCLcTHEd2025-09-23l0o200pCL-T-7652r2025-09-23w2025-09-23ySC